Statistics for 2012 UEFA Champions League Final (Chelsea vs Bayern) - Lineups

Click here to take the quiz!

General Stats

  • This quiz has been taken 1,432 times
  • The average score is 19 of 38

Answer Stats

PositionPlayer% Correct
CF (1:1)Didier Drogba
95%
GKManuel Neuer
93%
GKPetr Čech
93%
RB (C)Philipp Lahm
91%
CM (C)Frank Lampard
88%
RWArjen Robben
86%
AM (87',1:0)Thomas Muller
85%
LW (97')Franck Ribery
83%
LBAshley Cole
79%
CBJerome Boateng
79%
DMBastian Schweinsteiger
72%
CFMario Gomez
70%
CBDavid Luiz
66%
CBGary Cahill
65%
AMJuan Mata
58%
FW (84')Fernando Torres
55%
CoachRoberto Di Matteo
55%
DMToni Kroos
51%
RW (84')Salomon Kalou
50%
DMJohn Obi Mikel
49%
RBJose Bosingwa
48%
LW (73')Ryan Bertrand
47%
MF (73')Florent Malouda
43%
MFMichael Essien
42%
CoachJupp Heynckes
35%
FW (97')Ivica Olić
33%
DF (87')Daniel Van Buyten
31%
LBDiego Contento
23%
GKHans-Jorg Butt
21%
DFRafinha
21%
GKRoss Turnbull
20%
CBAnatoliy Tymoshchuk
18%
FWDaniel Sturridge
18%
DFPaulo Ferreira
15%
MFOriol Romeu
9%
MFDanijel Pranjić
8%
FWNils Petersen
6%
MFTakashi Usami
4%

Score Distribution

Percentile by Number Answered

Percent of People with Each Score

Your Score History

You have not taken this quiz